Documentos literarios del Perú colectados y arreglados por el coronel de caballería de ejército, fundador de la independencia Manuel de Odriozola

Uloženo v:
Podrobná bibliografie
Hlavní autoři: Odriozola, Manuel de (autor), Bueno, Cosme (Autor)
Médium: Kniha
Jazyk:španělština
Vydáno: Lima Imprenta del Estado 1872
Vydání:1a. ed
Edice:Documentos Literarios del Perú, 3-4
Témata:
Tagy: Přidat tag
Žádné tagy, Buďte první, kdo vytvoří štítek k tomuto záznamu!

MARC

LEADER 00000nam a2200000 a 4500
001 UCJ6913
003 CL-VaPUC
008 070124e18720000PE |||||||||||||||||spa|d
082 0 4 |a Pe860  |b ODR  |2 21 
100 |a Odriozola, Manuel de  |e autor  |9 514624 
700 0 |a Bueno, Cosme  |e author  |9 514541 
245 1 0 |a Documentos literarios del Perú colectados y arreglados por el coronel de caballería de ejército, fundador de la independencia Manuel de Odriozola 
250 |a 1a. ed 
300 |a pág. irreg 
942 |c BK 
945 |d 20070124 00:00:00  |a rinostro 
260 |a Lima  |b Imprenta del Estado  |c 1872 
600 0 |a Moreno, Gabriel,  |d 1735-1809  |9 514542 
600 0 7 |a SALAVERRY, SANTIAGO  |2 CL-VaPUC  |9 514543 
650 0 |a Parroquias   |9 258927 
650 0 |a Administración eclesiástica  |9 323988 
650 0 |a Biografías  |9 255210 
650 0 |a Historiografía   |9 257871 
650 0 |a Aborígenes  |9 329972 
650 7 |a INCAS  |2 CL-VaPUC  |9 256565 
650 0 |a Jesuitas  |9 268366 
650 0 |a Inquisición (Iglesia Católica)  |9 258578 
650 0 |a Guerra de la independencia   |9 331979 
651 7 |a CHILE  |2 CL-VaPUC  |9 514544 
651 0 |a Perú  |9 256567 
583 |a last modification  |c 20120418 11:54:07  |k Rodrigo Vera 
490 0 |a Documentos Literarios del Perú, 3-4 
999 |c 323015  |d 323013 
952 |0 0  |1 0  |4 0  |6 PE_860_000000000000000_ODR_1872  |7 0  |8 X  |9 402245  |a FDOBUD  |b FDOBUD  |d 2019-11-22  |h t.3-4  |i 105497K  |o Pe860 ODR 1872  |p 105497K  |r 2019-11-22  |w 2019-11-22  |y BK_X  |k BUD 
952 |0 0  |1 0  |4 0  |6 PE_860_000000000000000_ODR_1872  |7 0  |8 X  |9 402246  |a FDOBUD  |b FDOBUD  |d 2019-11-22  |h t.9  |i 4555791  |o Pe860 ODR 1872  |p 4555791  |r 2019-11-22  |w 2019-11-22  |y BK_X  |k BUD